[Event "Dortmund 46th"]
[Site "Dortmund"]
[Date "2018.07.21"]
[Round "6"]
[White "Kramnik, Vladimir"]
[Black "Giri, Anish"]
[Result "0-1"]
[WhiteElo "2792"]
[BlackElo "2782"]
[Annotator "Trent,L"]
[PlyCount "128"]
[EventDate "2018.07.14"]
[EventType "tourn"]
[EventRounds "7"]
[EventCountry "GER"]
[EventCategory "19"]
[SourceTitle "CBM 186"]
[Source "ChessBase"]
[SourceDate "2018.09.14"]
[SourceVersion "1"]
[SourceVersionDate "2018.09.14"]
[SourceQuality "1"]

{Kramnik who had the White pieces today was no doubt looking to bounce back
with a win after a rather disappointing loss in the previous round.} 1. Nf3 d5
2. e3 Nf6 3. d4 c5 4. Nbd2 {As we have seen many times before, Kramnik decides
to choose a modest opening setup without delving into deep theory and try to
outplay his opponent from an equal middlegame position.} e6 5. b3 cxd4 6. exd4
Bb4 $5 {I like this move and it wouldn't surprise me at all if Giri had
prepared this beforehand. Previously Vlad played this line twice in Zuerich
scoring but has never faced 6...Bb4. The idea is to immediately stifle White's
development and threaten either Bc3 or Ne4-c3.} (6... Nc6 7. Bb2 g6 8. Bb5 Bg7
9. O-O O-O 10. Re1 Qb6 11. a4 Bd7 12. c4 a6 13. Bxc6 Bxc6 14. c5 Qc7 15. b4 Ne4
16. Ne5 Nxd2 17. Qxd2 b5 18. cxb6 Qxb6 19. Rec1 Rfc8 20. Rc5 Be8 21. Nd3 Rcb8
22. Bc3 Qd8 23. Ra5 Bf8 24. Nc5 Rb6 25. g3 Bd6 26. h4 Bc7 27. b5 axb5 28. Rxa8
Qxa8 29. axb5 Qc8 30. Ba5 Rxb5 31. Bxc7 Qxc7 32. Qg5 Rb8 33. h5 Qd8 34. Qe5
gxh5 35. Ra7 Rb6 36. Qxh5 Kg7 37. Qg4+ Kf8 38. Qf4 Kg7 39. Qg4+ Kf8 40. Kg2 h6
41. Qf3 Kg7 42. Qa3 Qf6 43. Ra8 Bb5 44. Qa5 Bc6 45. Qxb6 Bxa8 46. Qc7 h5 47. f3
Qf5 48. Nd7 Bb7 49. Qc5 Ba6 50. Kf2 Kh7 51. Ne5 Kg7 52. Nd7 Bc4 53. Qf8+ Kh7
54. Ne5 Qc2+ 55. Kg1 Qd1+ 56. Kh2 Qd2+ 57. Kh3 Bf1+ 58. Kh4 Qh2+ 59. Kg5 Qxg3+
60. Ng4 hxg4 61. Qxf7+ Kh8 {1/2-1/2 (63) Kramnik,V (2811)-Nakamura,H (2793)
Zuerich 2017}) (6... Bd6 7. Bd3 b6 8. Qe2 Nc6 9. a3 Bb7 10. Bb2 Rc8 11. Ne5 Nd7
12. f4 Qh4+ 13. g3 Qe7 14. O-O O-O 15. Nxd7 Qxd7 16. f5 exf5 17. Bxf5 Qe8 18.
Qd3 Rc7 19. Bxh7+ Kh8 20. Bf5 g6 21. Bh3 Re7 22. Nf3 Bc8 23. Bxc8 Qxc8 24. Rae1
Rxe1 25. Rxe1 Ne7 26. c4 Kg8 27. Kg2 Nf5 28. cxd5 Re8 29. Rxe8+ Qxe8 30. Bc1
Ne7 31. Qe4 Qb5 32. Bf4 Bxa3 33. d6 Nf5 34. Qa8+ Kg7 35. Be5+ f6 36. Qxa7+ Kh6
37. Bf4+ g5 38. Qf7 {1-0 (38) Kramnik,V (2811)-Svidler,P (2747) Zuerich 2017})
7. Bb2 Ne4 8. Bd3 Nc6 9. O-O Bc3 $5 {Strategically speaking this makes sense.}
10. Bxc3 Nxc3 11. Qe1 Nb4 $1 $146 {It seems as though Black is taking
liberties chasing after the White bishop but with the centre closed he is in
no danger of being attacked. Indeed the engine gives absolutely no advantage
for White at all after this move, making me think that this is more likely to
be home prep than not.} (11... Qb6 12. Qe3 h6 13. a4 Bd7 14. Nb1 Nxb1 15. Rfxb1
a6 16. c3 $14 {1-0 (48) Eidelmann,V (2049)-Gelzenleichter,S (2188) Wingst 2005}
) 12. Nb1 Nxd3 13. Qxc3 Nf4 14. Qe3 Ng6 {After a little knight tour it is
clear that White has achieved zero advantage from the opening. Maybe Giri was
even getting slightly optimistic that he could apply some pressure on the
white position, especially down the c-file.} 15. c4 {Understandable given my
previous comment.} dxc4 16. bxc4 O-O {These hanging pawns are definite targets
now.} 17. Nc3 Bd7 (17... b6 {followed by ...Bb7 was also =/+.}) 18. Rfd1 Rc8
19. Nd2 Nh4 (19... Qh4 $5 20. Rac1 (20. c5 Bc6 $15) 20... b6 $15) 20. Qd3 Nf5
21. Rac1 Qc7 22. d5 {Kramnik decides to try and create some play but Giri
cooly deals with it.} Rfd8 $1 23. h3 (23. dxe6 Bxe6 24. Nd5 Bxd5 (24... Qa5 $5
25. Nb3 Qa3 $15) 25. cxd5 Qxc1 26. Rxc1 Rxc1+ 27. Nf1 Nd6 $15) 23... b6 24. Nf3
$5 {A very good move provoking Black into taking material.} Qxc4 $6 {It's
difficult to overly criticise this move but it does seem to give White an easy
route to equality.} ({Better was} 24... Be8 $5 {or}) (24... h6 $5 {maintaining
some tension and forcing White to find more precise moves.}) 25. Qxc4 Rxc4 26.
dxe6 fxe6 27. Rd3 $1 {Now White can get coordinated very quickly and should be
able to swap down to very drawish endings.} e5 {Black is pretty much forced to
return material on account of Rcd1 coming next.} 28. Nxe5 (28. Rcd1 Re8 29.
Rxd7 Rxc3 30. Rxa7 e4 31. Ne5 $1 $11 {should be equal.}) 28... Rd4 29. Rf3 {
I can't really tell if Kramnik was being (over)optimistic here or not.} (29.
Rxd4 Nxd4 30. Rd1 Be6 {is level.}) 29... Nh4 30. Re3 Nf5 31. Ree1 Be8 32. Ne4
Ra4 33. Rc7 {Kramnik goes for it.} Rxa2 34. Kh2 h6 35. Ng4 $6 (35. Nf3 Bf7 36.
g4 Nd4 37. Nxd4 Rxd4 38. Rc8+ Kh7 39. Rc7 Kg8 40. Rc8+ Kh7 41. Rc7 {is one
possible repetition.}) 35... Kf8 $1 36. Rec1 $6 {Kramnik is starting to lose
the thread.} Re2 37. f3 $2 Nh4 $2 (37... a5 $19 {and White really has no
threats. Black however will just run his pawns up the board.}) 38. Ngf2 $1 {
Now White can potentially double on the 7th with the black knight no longer
defending the kingside.} Bg6 39. Rc8 $6 (39. Kg1 $1 {had to be found} Bxe4 40.
fxe4 {and White can drum up enough counterplay to equalise.}) 39... Re8 $1 40.
Kg3 Nf5+ 41. Kh2 Nd4 42. R1c3 a5 {Black has successfully coordinated his
forces and is once again winning.} 43. R8c4 Rd8 44. Rc7 Ne6 45. R7c6 Nf4 46.
Rc8 Re8 47. Rxe8+ Kxe8 48. Rc8+ Kd7 49. Rg8 Ne6 {keeping things nice and tidy}
50. Kg3 Kc7 51. h4 Rc2 52. Ra8 Kb7 53. Rh8 Rc6 $1 {Now there is no way to stop
the pawns marching.} 54. h5 Bxe4 55. Nxe4 a4 56. Re8 a3 57. Re7+ Ka6 58. Re8
Ka7 59. Nd2 a2 60. Nb3 Rc3 61. Na1 Rc1 62. Rxe6 Rxa1 63. Re2 b5 64. Kf4 Kb6 0-1

[Event "Olympiad-43"]
[Site "Batumi"]
[Date "2018.10.05"]
[Round "11.3"]
[White "Fressinet, Laurent"]
[Black "Kramnik, Vladimir"]
[Result "1/2-1/2"]
[WhiteElo "2649"]
[BlackElo "2779"]
[PlyCount "85"]
[EventDate "2018.09.24"]
[EventType "team-swiss"]
[EventRounds "11"]
[EventCountry "GEO"]
[SourceTitle "CBM 187"]
[Source "ChessBase"]
[SourceDate "2018.12.11"]
[SourceVersion "1"]
[SourceVersionDate "2018.12.11"]
[SourceQuality "1"]
[WhiteTeam "France"]
[BlackTeam "Russia"]
[WhiteTeamCountry "FRA"]
[BlackTeamCountry "RUS"]

1. e4 e5 2. Nf3 Nc6 3. Bb5 Nf6 4. d3 Bc5 5. c3 O-O 6. O-O d6 7. h3 Ne7 8. d4
Bb6 9. Re1 Ng6 10. Nbd2 exd4 11. cxd4 d5 12. e5 Nh5 13. a4 c6 14. Bf1 f6 15. b4
fxe5 16. a5 Bc7 17. dxe5 Nhf4 18. Ra3 Bf5 19. Bb2 Qd7 20. Rae3 Rae8 21. Kh2 Kh8
22. Nb3 b6 23. Qd2 Ne6 24. axb6 axb6 25. Rc1 Rd8 26. Nbd4 Nxd4 27. Qxd4 Be4 28.
Rxe4 dxe4 29. Qxe4 c5 30. bxc5 bxc5 31. Rxc5 Bb6 32. Rc6 Qb7 33. Rc4 Qxe4 34.
Rxe4 Bxf2 35. Ba3 Rf5 36. Bd6 h5 37. Bd3 h4 38. Rg4 Bg3+ 39. Kg1 Nxe5 40. Bxe5
Rxd3 41. Bxg3 hxg3 42. Rxg3 Kg8 43. Kh2 1/2-1/2

[Event "Douglas IoM op"]
[Site "Douglas"]
[Date "2018.10.21"]
[Round "2"]
[White "Kramnik, Vladimir"]
[Black "Kashlinskaya, Alina"]
[Result "1/2-1/2"]
[WhiteElo "2779"]
[BlackElo "2447"]
[Annotator "Gutman,L"]
[PlyCount "134"]
[EventDate "2018.10.20"]
[EventType "swiss"]
[EventRounds "9"]
[EventCountry "IOM"]
[SourceTitle "EXT 2020"]
[Source "ChessBase"]
[SourceDate "2019.10.17"]
[SourceVersion "1"]
[SourceVersionDate "2019.10.17"]
[SourceQuality "1"]

{[%evp 0,134,20,20,20,-9,14,-33,-33,-17,-14,-14,0,-14,7,21,18,24,29,31,24,39,
20,19,-2,15,67,69,84,84,91,40,107,74,71,71,96,75,118,106,122,143,154,57,43,4,9,
0,-16,-31,7,-33,-52,-32,-46,-45,-15,-46,-27,-88,-128,-105,-59,-59,-57,-58,-76,
-89,-87,-59,-66,-56,-54,-50,-5,-33,-23,-15,-15,-11,0,-71,-37,-87,-123,-109,-90,
-139,-144,-121,-90,-106,-101,-128,-132,-120,-124,-126,-154,-125,-95,-95,-25,
-32,-26,-43,-44,-44,-17,-19,-25,-54,-70,-70,-70,-79,-79,-77,-77,-115,-99,-117,
-39,-99,-37,-37,0,0,0,0,0,-85,-19,-25,-30,-14,0]} 1. Nf3 Nf6 2. g3 g6 3. b3 Bg7
4. Bb2 c5 5. c4 d6 6. Bg2 ({Weiß muss e7-e5 zulassen im Hinblick auf} 6. d4 Ne4
7. Nbd2 Qa5 $15 {Edouard-Ganguly, St Louis 2018}) 6... e5 7. O-O O-O 8. Nc3 Nc6
9. d3 h6 10. Ne1 $5 ({Meist wurde} 10. Nd2 Be6 {gespielt,} 11. a3 $5 (11. Nd5
Qd7 $5 (11... Rb8 12. a3 a5 13. e3 Nh7 14. Qc2 $14 {Hickl-Lutz, Nussloch 1996})
12. Nxf6+ Bxf6 13. Ne4 Bg7 $11) 11... Qd7 12. Nd5 Bh3 13. Nxf6+ $5 (13. Ne4
Nxd5 (13... Nxe4 14. Bxh3 Qxh3 15. dxe4 h5 16. f3 $14) 14. Bxh3 Qxh3 15. cxd5
Ne7 16. Nxd6 Qd7 17. Nc4 Qxd5 $11) 13... Bxf6 14. Ne4 Be7 15. Bxh3 Qxh3 16. Nc3
f5 {Vokarev-Popov, Nizhny Tagil 2016} 17. Kh1 $5 $14) 10... Be6 11. Nd5 Qd7 12.
Qd2 Nh7 (12... Kh7 13. f4 Bh3 14. Bxh3 $5 (14. e4 Bxg2 15. Nxg2 Nxd5 16. cxd5
Nd4 $11 {Sanal-Rajkovic, Wch U18 Khanty Mansiysk 2016}) 14... Qxh3 15. e4 Nxd5
16. cxd5 Nd4 17. fxe5 Bxe5 18. Nf3 Nxf3+ 19. Rxf3 $14) 13. f4 ({Zu direkt.
Besser geschah} 13. a3 $5 Nd4 (13... f5 14. b4 $14) 14. Qd1 Bh3 15. e3 Bxg2 16.
Nxg2 Ne6 17. f4 $14 {Diaz Benitez-Soriano Maya, Mislata 1997}) 13... f5 $5 ({
Voreilig wäre} 13... exf4 14. Bxg7 Kxg7 {, zum Beispiel} 15. Nxf4 ({oder} 15.
gxf4 Bxd5 16. cxd5 Ne7 17. e4 f5 18. Nc2 Nf6 19. Rae1 $14) 15... Rae8 16. Nc2
Ng5 17. Ne3 Nh3+ 18. Bxh3 Bxh3 19. Rf2 Re5 20. Nxh3 Qxh3 21. Nd5 f5 22. Raf1
Qg4 23. e3 Qg5 24. Rf4 $14) 14. Nc2 Rae8 15. Rae1 Kh8 ({Zeitverlust, zum
Ausgleich reichte} 15... exf4 $5 16. Bxg7 {und nun entweder} Kxg7 ({oder} 16...
Qxg7 17. Nxf4 Bf7 18. Nd5 Ng5 $11) 17. Nxf4 Nf6 18. Qc3 Kh7 19. Bh3 Ng4 20. d4
Qg7 $11) 16. b4 $5 {Kramnik hat nun Zeit, Spiel an beiden Flügeln anzuzetteln.
} (16. e4 exf4 17. Bxg7+ Qxg7 18. Nxf4 fxe4 19. Bxe4 Bf7 20. d4 g5 21. d5 Ne5
22. Nd3 Bh5 23. Nxe5 Rxe5 24. Bd3 Rxe1 25. Rxe1 Bg4 $11) 16... exf4 17. Bxg7+
Qxg7 ({Schwächer war} 17... Kxg7 18. Nxf4 Nf6 19. Bh3 Ng4 20. Bxg4 fxg4 21. b5
Ne5 22. Ne3 $14) 18. Nxf4 Bd7 $6 ({Eine falsche Entscheidung. Viel flexibler
war} 18... Bc8 $5 19. bxc5 (19. b5 Ne5 20. Ne3 Nf6 21. Ned5 Nxd5 22. Nxd5 Be6
$11) 19... dxc5 20. Na3 a6 21. Nb1 Nf6 22. Nc3 g5 23. Nfd5 Nxd5 24. Nxd5 b5 $11
) 19. b5 (19. bxc5 dxc5 20. Na3 Ne5 $11) 19... Ne5 20. Qa5 $1 {Dies ist die
Pointe!} Nf6 21. Qc7 $2 ({Kramnik, ziemlich unerwartet, verliert dem
Überblick - "Was sieht sie, was ich nicht sehe?". Er kann sich nicht
entscheiden für} 21. Qxa7 $1 g5 22. Nd5 Ra8 23. Qb6 Nxd5 24. Bxd5 {, obwohl
sowohl} f4 ({als auch} 24... Rxa2 25. Ne3 f4 26. Qxd6 Re8 27. Ng2 $16) 25. a3
Bc6 26. bxc6 bxc6 27. Bxc6 Rfb8 28. Bb7 Rxb7 29. Qxd6 Rb2 30. Rc1 $14 {Weiß
zugute kommt.}) 21... g5 22. Nh3 $6 ({Zu erwarten war} 22. Nd5 Nxd5 23. Bxd5 {
, auch wenn nach} f4 $5 (23... Bc8 24. Qxg7+ Kxg7 $11) 24. Bxb7 (24. Qxd6 b6
$17) 24... Qg6 (24... Qf6 25. Bg2 Rf7 26. Qa5 $11) 25. Be4 Bf5 26. Bxf5 Rxf5
27. Qb7 Rf7 28. Qg2 f3 $15 {Schwarz die Initiative ergreift .}) 22... Bc8 23.
Qxg7+ ({Notwendig, da} 23. Qa5 b6 24. Qd2 Nh5 $17 {Weiß in Schwierigkeiten
bringt.}) 23... Kxg7 24. a4 Neg4 ({Eine Alternative war} 24... Ng6 $5 {mit die
Idee} 25. Nf2 h5 $15) 25. Kh1 $2 ({Vorzuziehen war} 25. Nf2 Nxf2 26. Rxf2 $15)
25... Ne3 26. Nxe3 Rxe3 27. Ng1 g4 28. Rd1 h5 29. d4 h4 30. gxh4 Rh8 ({Klaren
Vorteil sicherte} 30... Rfe8 $5 $17) 31. dxc5 dxc5 32. Rd3 Re5 33. e3 Be6 $6 ({
Viel sinnvoller erscheint} 33... Rhe8 34. Ne2 Rxe3 35. Nf4 Rxd3 36. Nxd3 b6 $15
) 34. Rc1 Ne4 35. Bxe4 Rxe4 36. Ne2 Rxc4 $2 ({Und hier} 36... Kf6 $5 37. Rdc3
Rxh4 38. Ng3 Re5 39. Rd1 Rh8 $15) 37. Rxc4 Bxc4 38. Rd7+ Kf6 39. Nf4 Re8 40.
Rd6+ Ke5 41. Rd2 $6 ({Diese passive Art ist ziemlich untypisch für Kramnik.
Zum Ausgleich reichte} 41. Rd7 b6 42. h5 Ke4 43. Kg2 Kxe3 44. Kg3 Rh8 ({oder} 
44... Bg8 45. h6 c4 46. h7 Bxh7 47. Nd5+ Ke2 48. Rxh7 Rd8 49. Nb4 c3 50. Rc7
f4+ 51. Kxg4 f3 $11) 45. Rxa7 Bd3 46. a5 bxa5 47. b6 Be4 ({auch} 47... c4 48.
b7 Rb8 {ist gut möglich,} 49. h6 Be4 50. h7 c3 51. Ra8 c2 52. Rxb8 c1=Q 53.
Ng2+ Bxg2 54. Kh4 Qc7 55. Re8+ Be4 56. b8=Q Qxh7+ 57. Kg5 Qg7+ 58. Kh5 Qh7+ $11
) 48. b7 c4 49. Ra8 Rxa8 50. bxa8=Q Bxa8 51. h6 c3 52. h7 c2 53. h8=Q c1=Q 54.
Ng2+ Ke2 55. Qxa8 Qc3+ 56. Kh4 Qf3 57. Qxa5 Qxg2 58. Qxf5 $11) 41... Ke4 ({
Etwas einfacher war} 41... Bb3 $5 42. Kg2 Kf6 43. Kf2 Bxa4 44. Rd6+ Ke7 45. Rd5
b6 46. Rxf5 Bxb5 47. h5 Bd7 48. Ng6+ Kd6 49. Rf4 Re6 $15) 42. Rc2 Bb3 43. Rc3
$2 (43. Rxc5 Kxe3 44. Ng2+ Ke4 45. Rc3 Bf7 46. Rc7 Bd5 47. Kg1 f4 48. Kf2 a5
49. bxa6 bxa6 50. h5 Rh8 $15 {wäre das kleinere Übel gewesen.}) 43... c4 44.
Kg2 Ke5 ({Das konsequente} 44... Rc8 $5 45. a5 Ba4 {gewann ziemlich leicht,
man sehe} 46. b6 axb6 47. axb6 Bb3 48. h3 gxh3+ 49. Kxh3 Rc6 50. h5 Rxb6 51.
Kh4 Rc6 52. Kg5 b5 $19) 45. h5 Kf6 46. Kf2 Kg5 47. Rc1 Rc8 48. Ne6+ Kxh5 49.
Nd4 Bxa4 $2 ({Gewinnchancen versprach} 49... Rc5 $5 50. Ne6 Re5 51. Nd4 Bxa4
52. Rxc4 Bxb5) 50. Ra1 c3 51. Rxa4 c2 52. Ne2 c1=Q 53. Nxc1 Rxc1 54. Rxa7 Rc7
55. b6 Re7 56. Ra5 Kg6 57. Ra3 (57. Ra7 Kf6 58. Kg2 Ke5 59. Kf2 $11) 57... Re6
58. Rb3 Kg5 59. Kg3 Rh6 60. Kg2 Rh3 ({Etwas anspruchsvoller wäre} 60... Kf6 61.
Rb5 Rh3 62. e4 fxe4 63. Rc5 Rf3 64. Rc4 Rb3 65. Rxe4 Kf5 66. Re7 Rxb6 67. h4
gxh3+ 68. Kxh3 Kf6 69. Re1 Re6 70. Rb1 b6 71. Rb5 Ke7 72. Kg4 Kd7 73. Kf5 Rh6
74. Ke4 Kc6 75. Rb1 $11) 61. Rd3 Kf6 62. Rd7 Rxe3 63. Rxb7 Rb3 64. Rb8 Ke5 65.
h3 gxh3+ 66. Kh2 Kf4 67. b7 Kf3 1/2-1/2

[Event "Tata Steel-A 81st"]
[Site "Wijk aan Zee"]
[Date "2019.01.14"]
[Round "3"]
[White "Nepomniachtchi, Ian"]
[Black "Kramnik, Vladimir"]
[Result "1-0"]
[WhiteElo "2763"]
[BlackElo "2777"]
[Annotator "Fernandez,D"]
[PlyCount "71"]
[EventDate "2019.01.12"]
[EventType "tourn"]
[EventRounds "13"]
[EventCountry "NED"]
[EventCategory "21"]
[SourceTitle "CBM 188"]
[Source "ChessBase"]
[SourceDate "2018.12.21"]
[SourceVersion "1"]
[SourceVersionDate "2018.12.21"]
[SourceQuality "1"]

1. e4 e5 2. Nf3 Nc6 3. Bb5 Nf6 4. O-O Nxe4 5. Re1 Nd6 6. Nxe5 Be7 7. Bf1 Nxe5
8. Rxe5 O-O 9. d4 Bf6 10. Re1 Re8 11. c3 Rxe1 12. Qxe1 {So far, par for the
course. The battle in this line has tended to revolve around White's attempts
at playing an immediate d5- as if Black is allowed to play ...d5 himself, the
game is almost certain to be drawn.} Ne8 {Slightly more ambitious (or
'ashamed' at being happy with a draw) than, say, ...Qe8.} 13. d5 b6 (13... c6
14. Nd2 (14. Be3 cxd5 $5 15. Qd2 Nc7 16. Na3 d6 17. Nc2 Bf5 18. Nb4 Be4 {
and Black ultimately managed to maintain his grip on the pawn, against the
laws of physics. McShane,L -Radjabov,T Batumi 2018}) 14... cxd5 15. Nf3 d6 16.
Be3 Nc7 17. Qd2 Bd7 18. g3 Bc6 19. Bg2 Ne6 20. Rd1 Qa5 21. a3 h6 22. Nd4 Nxd4
23. Bxd4 Bxd4 24. Qxd4 Re8 25. Bxd5 Bxd5 26. Qxd5 Qxd5 27. Rxd5 Re2 28. b4 Rc2
29. Rxd6 Rxc3 30. Rd8+ Kh7 31. Rd7 Rxa3 32. Rxb7 $11 {Giri,A -Caruana,F Batumi
2018}) 14. Bf4 Bb7 15. Qd2 h6 16. c4 c6 17. Nc3 {It is at this point that
Kramnik begins playing the chess that we saw in Berlin last year: maximalist
and pushing for the tactics to work, even against an energy gradient.} cxd5 (
17... Bg5 {seems more natural, retaining the connected pawn structure for now,
and preferably until the queens come off.}) 18. cxd5 d6 19. Re1 Nc7 20. Bc4 {
The problem with Black's position here is not that it is worse, but just that
whatever he plays requires a stack of tactics to be present- and adequately
calculated- to avoid major calamity.} Bxc3 $5 (20... Qd7 21. Ne4 Be5 {is still
apparently equal, although human players would instinctively not be pleased at
the presence of Qxh6 motifs.}) 21. bxc3 Qf6 $1 (21... b5 22. Bb3 a5 23. a3 Qd7
$14) 22. h3 Rc8 {But this is a little strange. Clearly, Black wants ...b5 and .
..Na6-c5, but there are a number of answers to this.} (22... b5 23. Bb3 a5 24.
a3 a4 25. Ba2 Re8 $11 {leads to a position where White has no easy way of
freeing both his pieces from defending d5.}) 23. Re4 (23. Be3 $14) 23... b5 24.
Bb3 a5 25. a3 Qf5 (25... Re8 $14 {Compared with a few moves ago, White has the
extra chance of playing f3 so as to improve his structure during the rook
trade, but this isn't enough to make his advantage dramatic (Black could put
his knight on c5 in response.)}) 26. Rd4 Qb1+ {This move might look natural,
but with it, Black passes the point of no return.} (26... Qf6 $14 {was still
possible, albeit now White is in a position to play for a4 or c4.}) 27. Bd1 b4
28. cxb4 Nb5 29. Qd3 Qa1 30. Re4 Bxd5 {Presumably visualised when playing ...
Qb1+, but the follow-up is missing.} (30... Nc3 31. Re1 axb4 32. axb4 $14) 31.
Re1 $1 {As with most computer-precise chess games, it makes very little sense
that White's rook had to go to d4, and then back to e1. However, he is now
very much better, because of Black's total lack of co-ordination.} Bc4 32. Qf5
Rf8 33. Kh2 (33. bxa5 Qc3 34. Re3 Qd4 35. Bh5 {is too much computer chess})
33... g6 (33... Qd4 34. Bc2 g6 35. Qg4 Nxa3 36. Rd1 $1 $16) 34. Qe4 d5 35. Qe7
axb4 $2 {A blunder in a hopeless position.} (35... Qd4 36. Bxh6 Ra8 37. bxa5
Qxf2 38. Bg4 $18 {continues to avoid material loss, but Black's pieces are all
terrible and he must lose soon.}) 36. Be5 1-0

[Event "Tata Steel-A 81st"]
[Site "Wijk aan Zee"]
[Date "2019.01.16"]
[Round "5"]
[White "Kramnik, Vladimir"]
[Black "Mamedyarov, Shakhriyar"]
[Result "1/2-1/2"]
[WhiteElo "2777"]
[BlackElo "2817"]
[Annotator "Howell,David"]
[PlyCount "61"]
[EventDate "2019.01.12"]
[EventType "tourn"]
[EventRounds "13"]
[EventCountry "NED"]
[EventCategory "21"]
[SourceTitle "CBM 188"]
[Source "ChessBase"]
[SourceDate "2018.12.21"]
[SourceVersion "1"]
[SourceVersionDate "2018.12.21"]
[SourceQuality "1"]

1. e4 e5 2. Nf3 Nc6 3. Bb5 a6 4. Ba4 Nf6 5. O-O Nxe4 {Mamedyarov reverts to
one of his favourite lines, the Open Spanish.} 6. d4 b5 7. Bb3 d5 8. dxe5 Be6
9. Nbd2 Nc5 10. c3 d4 {The old main line. This was debated for decades amongst
top players.} ({However} 10... Be7 {has taken over in popularity in recent
times and is the pet move of Mamedyarov himself.}) 11. Bxe6 Nxe6 12. cxd4 Ncxd4
13. a4 Bc5 $5 {A strange idea, as Black will have to lose another tempo with
this bishop. Black has many options in this position, and I guess that this
move was chosen mainly in the hope of surprising Kramnik. It is possible that
Mamedyarov based his preparation on the many correspondence games which have
reached this position.} ({I have tried out} 13... Bb4 {with mixed success}) ({
while} 13... Rb8 {and}) (13... Be7 {are also playable.}) 14. Ne4 Bb6 15. Nfg5 {
White attempts to remove the strong blockader on e6.} Qd5 $1 {Mamedyarov was
still blitzing out his moves.} 16. Nxe6 ({The calm yet mysterious} 16. Re1 {
is the engine's suggestion, although it is unclear why this is an improvement.}
) 16... Qxe6 (16... fxe6 $2 {would be a mistake as it exposes the black king:}
17. Qh5+ g6 18. Nf6+ Kf7 19. Qh4 $18 {with an ongoing initiative.}) 17. axb5 a5
{It is likely that this was still preparation.} (17... Nxb5 {should be fine
too, though} 18. Ng5 {would force Black to be accurate.}) 18. b4 a4 19. Be3 {
Both sides have several options on every move. Unfortunately it is impossible
to cover all the variations.} ({While analysing the position, I stumbled
across one dramatic and fascinating line:} 19. Nc5 Qc4 $5 (19... Bxc5 20. bxc5
Nb3 21. Ra3 O-O 22. Be3 $14) 20. Rxa4 Rd8 21. Bg5 $1 {(willingly allowing ...
Ne2+)} f6 (21... Ne2+ $2 22. Kh1 Rxd1 23. Ra8+ Rd8 24. Rxd8#) 22. exf6 Ne2+ 23.
Qxe2+ Qxe2 24. fxg7 Rg8 25. Bxd8 {and despite the material imbalance, play
should end in a draw:} Rxg7 26. Bf6 Rxg2+ 27. Kxg2 Qg4+ 28. Kh1 Qf3+ 29. Kg1
Qg4+) 19... Qxe5 20. Nc3 Ne6 21. Bxb6 {The game now fizzles out.} (21. Qd5 {
is tempting, but also leads to nothing:} Qxd5 22. Nxd5 Bxe3 23. fxe3 O-O 24.
Ne7+ Kh8 25. Nc6 $11 {it appears that this strong knight paralyses Black's
rooks, but in reality White's broken pawn structure means that he cannot hope
to win.} a3) 21... Qxc3 22. Bc5 Nxc5 23. bxc5 O-O 24. Rxa4 Qxc5 25. Rxa8 Rxa8
26. Qc1 Qxb5 27. Qxc7 Qb8 28. Qxb8+ Rxb8 29. h3 h6 30. f3 f6 31. Kh1 {A
well-played game by both sides.} 1/2-1/2